000 00219nam a2200097Ia 4500
008 220204s9999 xx 000 0 und d
082 _a82-3
_bCOX
100 _aCoxhead, Nona
245 0 _aNo ordinary madness
942 _cBK
999 _c37756
_d37756